书目信息 |
| 题名: |
世界三大宗教
|
|
| 作者: | 黄心川 , 戴康生 编著 | |
| 分册: | ||
| 出版信息: | 北京 三联书店 1979 |
|
| 页数: | 137页 | |
| 开本: | 19cm | |
| 丛书名: | ||
| 单 册: | ||
| 中图分类: | B929.1 | |
| 科图分类: | ||
| 主题词: | 宗教史--世界 | |
| 电子资源: | ||
| ISBN: | ||
| 000 | 00629nam0 2200229 45 | |
| 001 | 0179003149 | |
| 005 | 20050608163214.3 | |
| 010 | @dCNY0.50 | |
| 091 | @a11002.521 | |
| 100 | @a19950713d1979 em y0chiy0121 ea | |
| 101 | 0 | @achi |
| 102 | @aCN@b110000 | |
| 105 | @ay z 000yy | |
| 200 | 10 | @a世界三大宗教@Ashi jie san da zong jiao@f黄心川,戴康生等编著@FHuang XinChuan,Dai Kang Sheng Deng Bian Zhu |
| 210 | @a北京@c三联书店@d1979 | |
| 215 | @a137页@d19cm | |
| 606 | 0 | @a宗教史@x世界 |
| 690 | @aB929.1@v3 | |
| 701 | 0 | @a黄心川@4编著 |
| 701 | 0 | @a戴康生@4编著 |
| 801 | 0 | @aCN@bNLC@c20050608 |
| 905 | @f1@b170605@dB929.1@e19 | |
| 世界三大宗教/黄心川,戴康生等编著.-北京:三联书店,1979 |
| 137页;19cm |
| ISBN :CNY0.50 |
| ● |
| 相关链接 |
|
|
|
|
正题名:世界三大宗教
索取号:B929.1/19
 
预约/预借
| 序号 | 登录号 | 条形码 | 馆藏地/架位号 | 状态 | 备注 |
| 1 | 0170605 | 001126169 | 不外借—密集书库/ [索取号:B929.1/19] | 在馆 |